000 00782cam a22002651 4500
999 _c20434
_d20434
001 6525749
003 BDDh-ASL
005 20231015025904.0
008 771130s1956 enkb b 001 0 eng
010 _a 56004035
035 _a(OCoLC)3456619
040 _aDLC
_cOC
_dCLU
_dOCoLC
_dDLC
_dBDDh-ASL
050 0 0 _aBP75
_b.W32
082 0 0 _a297.63
_aB
_bWAM
100 1 _aWatt, W. Montgomery
_q(William Montgomery)
245 1 0 _aMuhammad at Medina /
260 _aOxford:
_bClarendon Press,
_c1956.
300 _axiv, 418 p.
_bmap.
_c23 cm.
500 _a"Sequel to Muhammad at Mecca."
500 _aIncludes index.
504 _aBibliographical footnotes.
600 0 0 _aMuḼammad,
_cProphet,
_d-632.
906 _a7
_bcbc
_coclcrpl
_du
_encip
_f19
_gy-gencatlg
942 _2ddc
_cBK